Canales alternativos para la comercialización de productos de biocomercio (Registro nro. 6058)
[ vista simple ]
| 000 -CABECERA | |
|---|---|
| Campo de control | 01655nam a2200193 a 4500 |
| 090 ## - CLASIFICACIÓN LOCAL | |
| Colección | IAVH |
| Consecutivo | 00765 CD-1 |
| 041 ## - IDIOMA | |
| Código de idioma para texto/pista de sonido o título separado | Español |
| 100 ## - ASIENTO PRINCIPAL--NOMBRE PERSONAL | |
| Nombre personal | Rodríguez Reyes, Maritza |
| 245 ## - MENCION DE TITULO | |
| Título | Canales alternativos para la comercialización de productos de biocomercio |
| 260 ## - PUBLICACION, DISTRIBUCION, ETC. (PIE DE IMPRENTA) | |
| Lugar de publicación, distribución, etc. | Bogotá |
| Nombre del editor, distribuidor, etc. | Instituto Alexander von Humboldt |
| Fecha de publicación, distribución, etc. | 2004 |
| 300 ## - DESCRIPCION FISICA | |
| Extensión | 140 p. |
| 520 ## - NOTA DE RESUMEN, ETC. | |
| Nota de resumen | El informe se divide en nueve bloques: en el primero, Introducción, donde se resalta la importancia de la elección de un canal de comercialización adecuado; en el segundo, Metodología, se hace un recuento de la metodología aplicada para la caracterización de los canales de comercialización; en el tercero, Perfil del consumidor y del consumo de productos de biocomercio, se presenta el análisis de la información resultante de la aplicación de la encuesta a consumidores; en el cuarto bloque, Caracterización de la oferta productiva, se analiza la disponibilidad de la oferta para cada uno de los productos que hacen parte de la investigación; en el quinto, Caracterización de los canales alternativos de comercialización, se evalúa el funcionamiento de cada uno de los esquemas de comercialización propuestos. El sexto bloque contiene experiencias exitosas; el séptimo, Logística y Distribución; el octavo, Normatividad; y el último, conclusiones y recomendaciones. |
| 650 ## - ASIENTO SECUNDARIO DE MATERIA - TERMINO TEMATICO | |
| Término temático o nombre geográfico como elemento de entrada | Conservación |
| 650 ## - ASIENTO SECUNDARIO DE MATERIA - TERMINO TEMATICO | |
| Término temático o nombre geográfico como elemento de entrada | Biodiversidad |
| 650 ## - ASIENTO SECUNDARIO DE MATERIA - TERMINO TEMATICO | |
| Término temático o nombre geográfico como elemento de entrada | Biocomercio |
| 650 ## - ASIENTO SECUNDARIO DE MATERIA - TERMINO TEMATICO | |
| Término temático o nombre geográfico como elemento de entrada | Canales de comercialización |
| 650 ## - ASIENTO SECUNDARIO DE MATERIA - TERMINO TEMATICO | |
| Término temático o nombre geográfico como elemento de entrada | Consumidores |
| 773 0# - Item fuente: | |
| Host Biblionumber | 5986 |
| Host Itemnumber | 9704 |
| Asiento principal | |
| Edición | |
| Lugar, editorial y fecha de publicación | Bogotá Informatica documental 2007 |
| Otro identificador del ítem - Codigo de Barras | 024802 |
| Título | Informes de investigaciones IAVH en PDF |
| Número de control del registro | |
| Número Internacional Normalizado para Publicaciones Seriadas - ISSN | |
| Número Internacional Normalizado para Libros - ISBN | |
No hay ítems disponibles.